Statistiques concernant Tous les pokémon d' Hector

Cliquez ici pour prendre le quiz!

Statistiques générales

  • Ce quiz a été pris 17 fois
  • Le résultat moyen est 8 sur 12

Statistiques - réponses

HintRéponse% Correct
Or & Argent
& Cristal
Chrysacier
100%
Coconfort
92%
Insécateur
92%
Heartgold
& Soulsilver
Cizayox
77%
Foretress
62%
Apireine
54%
Armaldo
54%
Noir2 & Blanc2Caratroc
46%
Scarabrute
46%
Scarhino
46%
Yanmega
46%
Munja
38%

Distribution des résultats

Percentile par nombre de réponses

% des personnes avec chaque résultat

Votre développement - résultats

Vous n’avez pas pris ce quiz